Lowest Seeds to win the National Championship NCAA Wrestling - Statistics

General Stats
  • This quiz has been taken 28 times
  • The average score is 5 of 12
Answer Stats
Weight & Seed Year College Answer % Correct
#9 174 ILB 2024 Penn State Carter Starocci
90%
#8 125 ILB 2024 Arizona State Richard Figeuroa
90%
#8 165 ILB 2019 Virginia Tech Mekhi Lewis
81%
#8 165 ILB 2021 Stanford Shane Griffith
76%
#11 174 ILB 2016 Ohio State Myles Martin
71%
#13 133 ILB 2015 Oklahoma Cody Brewer
57%
#9 184 ILB 2011 Penn State Quentin Wright
24%
#8 157 ILB 2008 Cornell Jordan Leen
14%
#12 165 ILB 2009 Edinboro Jarrod King
10%
#8 174 ILB 2002 Lehigh Rob Rohn
10%
#8 141 ILB 2000 Illinois Carl Perry
5%
Unseeded 167 ILB 1994 Oklahoma State Mark Branch
5%
No matching quizzes found
Score Distribution
Percent of People with Each Score
Percentile by Number Answered
Your Score History
You have not taken this quiz